000 02145cam a2200169 4500500
005 20260208010739.0
041 _afre
042 _adc
100 1 0 _aLorvellec, Yves
_eauthor
245 0 0 _aFrancesco Tomasoni, Ludwig Feuerbach. Biografia intellettuale, Brescia, Editrice Morcelliana, 2011, 518 p., 28 €
260 _c2012.
500 _a82
520 _aRésuméMartha Nussbaum, à l’instar de Cavell ou de Murdoch, appuie sa pratique de la philosophie morale sur une analyse précise de textes littéraires. Dans cet article, on montre que ce recours à la littérature n’est pas illustratif, mais est cohérent avec un ensemble de thèses substantielles sur la nature même de la pensée morale et sur la méthode adaptée à la philosophie morale. C’est parce qu’elle accorde un poids particulier aux êtres et aux objets particuliers en éthique, ainsi qu’aux conflits, et à la portée cognitive des émotions que Nussbaum peut considérer certains textes littéraires particuliers comme des exemples de philosophie morale. Cela explique également certaines caractéristiques de son propre style philosophique, en particulier son usage particulier du « je ».
520 _aFor Martha Nussbaum, as well as for Cavell or Murdoch, moral philosophy reliesheavily on detailed analysis of literary texts. This paper shows that this use of literaturein ethics, far from being only illustrative, is consistent with a set of substantialthesis on the nature of moral thought and on the method appropriate for moral philosophy.Nussbaum considers that some literary texts are instances of moral philosophybecause she sees the individuality of beings and things, as well as conflicts, as crucialelements in ethics, and also because she attributes to emotions a cognitive aspect.These characteristics shed some light on some particularities of her own style, suchas a remarkable use of the first person.
786 0 _nRevue philosophique de la France et de l'étranger | 137 | 1 | 2012-02-17 | p. 101k-115k | 0035-3833
856 4 1 _uhttps://shs.cairn.info/revue-philosophique-2012-1-page-101k?lang=fr&redirect-ssocas=7080
999 _c1658030
_d1658030